000 00302nam a22001337a 4500
008 180906b xxu||||| |||| 00| 0 eng d
020 _a9780834212282
041 _aeng
080 _a616.73
100 _a4
101 _aSHM
245 _aInternational Public Health
_cMerson.M.H
942 _2udc
_cBK
999 _c47575
_d47575